Inflation et ordre monéteire international
Zapisane w:
| Format: | Książka |
|---|---|
| Język: | Undetermined |
| Wydane: |
Genève
1967
|
| Hasła przedmiotowe: | |
| Etykiety: |
Dodaj etykietę
Nie ma etykietki, Dołącz pierwszą etykiete!
|
| Thư viện lưu trữ: | Trung tâm Học liệu Trường Đại học Cần Thơ |
|---|
| LEADER | 00420nam a2200145Ia 4500 | ||
|---|---|---|---|
| 001 | CTU_89124 | ||
| 008 | 210402s9999 xx 000 0 und d | ||
| 082 | |a 332.042 | ||
| 082 | |b I.43 | ||
| 245 | 0 | |a Inflation et ordre monéteire international | |
| 260 | |a Genève | ||
| 260 | |c 1967 | ||
| 650 | |a International finance,Inflation (finance) | ||
| 904 | |i Tuyến | ||
| 980 | |a Trung tâm Học liệu Trường Đại học Cần Thơ | ||